000 00547nam a2200181Ia 4500
001 25460
005 20260414151151.0
008 260414t2021||||xx |||||||||||||| ||spa||
041 _aESP
082 _a346.51
_bA32
100 _aAguado López, José
_eAUT
245 0 _a¿Qué es la buena fe en los hechos? :
_bun enfoque doctrinario, normativo y jurisprudencial sobre la aplicación de la buena fe en el derecho civil
260 _c2021
300 _a574 páginas :
_c25 cm.
650 _aDER
654 _aCDE
942 _cLIB
_dJUS
_fJUS
_2ddc
_n
999 _c25460
_d25460